000 00630pam a2200229 a 4500
020 _a0027885305
040 _cDLC
082 0 0 _a910 NEW 1992 A104 Or.
100 1 _aStonehouse, Bernard.
245 1 0 _aSnow, ice, and cold /
260 _aNew York :
_bNew Discovery Books,
_cc1992.
300 _a45 p. :
_bcol. ill. ;
_c30 cm.
500 _aIncludes index.
520 _aA look at the damage that snow, ice, and cold can cause and at measures that can be taken to minimize the destruction.
650 0 _aSnow
650 0 _aIce
650 0 _aCold
650 1 _aCold.
650 1 _aSnow.
650 1 _aIce.
942 _cEK
999 _c14046
_d14046